000
00306 a2200121 4500
000
nam a22 7a 4500
005
20260224144416.0
020
_a
9789369449613
100
_a
Sharankumar Limbale
_9
1107043
245
_a
Dalit Sahitya Aur Saundaryabodh
260
_b
Vani Prakashan
_c
2025
942
_c
TEXL
999
_c
1680143
_d
1680143